[Event "Challenge2"]
[Site "http://www.queenalice.com/game.php?id=786678"]
[Date "2010.6.7"]
[Round "-"]
[White "Eden_Pelleg"]
[Black "Noyender"]
[Result "0-1"]
[WhiteElo "1336"]
[BlackElo "1786"]

1. d4 Nf6 2. Nc3 g6 3. e4 d6 4. Bb5+ Bd7 5. Bf4 Bg7 6. Nf3 Bxb5 7. Nxb5 Nxe4 8.
Qe2 d5 9. Nxc7+ Kf8 10. Nxa8 Nc6 11. Nc7 Nxd4 12. Nxd4 Bxd4 13. O-O e5 14. Bh6+
Kg8 15. c3 Bb6 16. Nb5 Qh4 17. Be3 Bxe3 18. Qxe3 Kg7 19. f3 Nf6 20. Qxe5 a6 21.
Nd6 Qa4 22. Nxb7 Qb5 23. Nd6 Qd7 24. Rfe1 Rd8 25. Qe7 Qxd6 26. Qxd6 Rxd6 27. b4
Rc6 28. Rac1 Nh5 29. a4 Nf4 30. Rc2 d4 31. c4 d3 32. b5 axb5 33. axb5 Rc8 34.
Rd2 Rxc4 35. g3 Ne2+ 36. Kf1 Nd4 37. b6 Nxf3 38. Rb2 d2 39. Rxd2 Nxd2+ 40. Ke2
Nb3 41. Kd3 Rb4 42. Kc3 Rxb6 43. Rb1 Kf6 44. Rxb3 Rxb3+ 45. Kxb3 Kf5 46. Kc4 Kg4
47. Kd4 Kh3 48. Ke5 Kxh2 49. g4 h5 50. Kf4 h4 51. Kf3 Kg1 0-1

[Event "Challenge"]
[Site "http://www.queenalice.com/game.php?id=787293"]
[Date "2010.6.8"]
[Round "-"]
[White "Noyender"]
[Black "Eden_Pelleg"]
[Result "0-1"]
[WhiteElo "1786"]
[BlackElo "1309"]

1. e4 e5 2. f4 f6 3. Bc4 Ne7 4. d3 d5 5. exd5 Nxd5 6. Bxd5 Qxd5 7. Nc3 Qxg2 8.
Qf3 Bh3 9. Be3 Qxf3 10. Nxf3 Bg2 11. Ke2 Bxh1 12. Rxh1 Nc6 13. Nd5 O-O-O 14. c4
b6 15. fxe5 Nxe5 16. Nxe5 fxe5 17. Re1 c6 18. Nc3 Bb4 19. Kd2 Bxc3+ 20. Kxc3
Rhe8 21. Bg5 Rd7 22. b4 b5 23. c5 h6 24. Bh4 g5 25. Bf2 Rde7 26. Kb3 e4 27. dxe4
Rxe4 28. Rxe4 Rxe4 29. Bg3 h5 30. Kc3 h4 31. Bd6 Re3+ 32. Kd4 Re2 33. a3 g4 34.
Kd3 Re8 35. Kd4 Rg8 36. Ke4 g3 37. hxg3 hxg3 38. Kf3 g2 39. Bh2 g1=Q 40. Bxg1
Rxg1 41. Ke2 Ra1 42. Kd3 Rxa3+ 0-1

[Event "Bothgamesplease"]
[Site "http://www.queenalice.com/game.php?id=787904"]
[Date "2010.6.9"]
[Round "-"]
[White "Noyender"]
[Black "Killersugus"]
[Result "0-1"]
[WhiteElo "1792"]
[BlackElo "2014"]

1. e4 e6 2. d4 d5 3. Nc3 Nf6 4. e5 Nfd7 5. Bg5 Be7 6. Bxe7 Qxe7 7. Nb5 Qd8 8.
Bd3 a6 9. Nc3 c5 10. Qg4 Kf8 11. Nf3 cxd4 12. Qxd4 Nc6 13. Qf4 Qc7 14. Ng5 Ndxe5
15. Bxh7 Nd3+ 0-1

[Event "bothgamesplease"]
[Site "http://www.queenalice.com/game.php?id=787905"]
[Date "2010.6.10"]
[Round "-"]
[White "Burkina_Fasso"]
[Black "Noyender"]
[Result "1-0"]
[WhiteElo "2170"]
[BlackElo "1785"]

1. e4 e5 2. Nf3 Nc6 3. Bb5 Nf6 4. O-O Bc5 5. Nxe5 Nxe5 6. d4 Nc6 7. dxc5 O-O 8.
Nc3 Qe7 9. Nd5 Nxd5 10. Qxd5 Nb4 11. Qc4 c6 12. Qxb4 cxb5 13. Bf4 b6 14. Bd6 Qe8
15. cxb6 Bb7 16. bxa7 Bxe4 17. Rae1 f5 18. f3 Rf6 19. fxe4 fxe4 20. Rxf6 gxf6
21. Rxe4 Qf7 22. Qxb5 Rxa7 23. Qb8+ 1-0

[Event "QA-ANNIV-06"]
[Site "http://www.queenalice.com/game.php?id=791099"]
[Date "2010.6.16"]
[Round "1"]
[White "Noyender"]
[Black "Pollyanna"]
[Result "0-1"]
[WhiteElo "1788"]
[BlackElo "2493"]

1. e4 d5 2. exd5 c6 3. dxc6 Nxc6 4. Nf3 Bf5 5. Bb5 e6 6. O-O Qb6 7. Nc3 a6 8.
Bxc6+ Qxc6 9. a3 Nf6 10. Ne5 Qc7 11. d4 Bd6 12. Re1 O-O 13. b4 Qxc3 14. Ra2 Rfc8
15. Nd3 Nd5 16. Bb2 Qxc2 17. Nc5 Qxd1 18. Rxd1 b6 19. Nd7 f6 20. Rc1 Rxc1+ 21.
Bxc1 Kf7 22. a4 Ke7 23. Nxb6 Nxb6 24. Bd2 Nd5 25. Rb2 Rb8 26. b5 axb5 27. axb5
Bd3 0-1

[Event "bothgamesplease"]
[Site "http://www.queenalice.com/game.php?id=793583"]
[Date "2010.6.23"]
[Round "-"]
[White "Noyender"]
[Black "Killersugus"]
[Result "1-0"]
[WhiteElo "1793"]
[BlackElo "2055"]

1. e4 e6 2. d4 d5 3. exd5 exd5 4. c4 c6 5. Nf3 Nf6 6. Bg5 Be7 7. cxd5 Nxd5 8.
Bxe7 Qxe7+ 9. Be2 O-O 10. O-O Bf5 11. Nc3 Rd8 12. Re1 Qf8 13. Ne5 f6 14. Nf3 Kh8
15. Rc1 Nb6 16. Nh4 Be6 17. Bg4 Bf7 18. Ne4 N8d7 19. Bf5 Nd5 20. Qg4 Be8 21. Ng3
Ne7 22. Bc2 Qf7 23. Nhf5 Nxf5 24. Nxf5 Qg6 25. f3 Bf7 26. Re7 Qxg4 27. fxg4 Kg8
28. Nd6 Bxa2 29. Nxb7 Kf8 30. Nxd8 Kxe7 31. Nxc6+ Kd6 32. Bxh7 Rc8 33. d5 Bxd5
34. Ra1 Rxc6 35. Rxa7 Rc2 36. Bxc2 g5 37. g3 Ne5 38. Bf5 Nf3+ 39. Kg2 Nh4+ 40.
Kf2 Nf3 41. h3 Nd4 42. h4 Nc6 43. Rd7+ Ke5 44. h5 Nd4 45. h6 Bc6 46. Rxd4 Kxd4
47. h7 1-0

[Event "bothgamesplease"]
[Site "http://www.queenalice.com/game.php?id=793584"]
[Date "2010.6.23"]
[Round "-"]
[White "Killersugus"]
[Black "Noyender"]
[Result "0-1"]
[WhiteElo "2029"]
[BlackElo "1789"]

1. d4 Nf6 2. Bg5 g6 3. Bxf6 exf6 4. e3 Bg7 5. g3 O-O 6. Bg2 c6 7. c4 d6 8. Nc3
Bf5 9. Nge2 Nd7 10. O-O Nb6 11. b3 a5 12. a4 d5 13. cxd5 Nxd5 14. Nxd5 cxd5 15.
Nf4 Be4 16. f3 Bf5 17. Qe2 Rc8 18. Rac1 Qb6 19. Nxd5 Qd6 20. Nf4 Qa3 21. Qd2
Qxb3 22. e4 Bd7 23. Rb1 Qxa4 24. Rxb7 Rc2 25. Qd3 Bc6 26. Ra7 Bb5 27. Qe3 Bxf1
28. Bxf1 f5 29. e5 Rd8 30. d5 Qa1 31. Nd3 Rxd5 32. Ra8+ Bf8 33. e6 Kg7 34. e7
Bxe7 35. Qxe7 Rxd3 36. Ra7 Qxf1+ 37. Kxf1 Rd1+ 38. Qe1 Rxe1+ 39. Kxe1 Ra2 40. h3
a4 41. g4 fxg4 42. hxg4 Kf6 43. Ra5 a3 44. g5+ Kg7 45. f4 f6 46. Ra7+ Kg8 47.
gxf6 h5 48. Kd1 h4 49. Rg7+ Kf8 50. Rh7 Rh2 51. Kc1 a2 52. Ra7 h3 0-1

[Event "Challenge"]
[Site "http://www.queenalice.com/game.php?id=798180"]
[Date "2010.7.3"]
[Round "-"]
[White "Noyender"]
[Black "Eden_Pelleg"]
[Result "0-1"]
[WhiteElo "1819"]
[BlackElo "1419"]

1. e4 Nc6 2. d4 d5 3. exd5 Qxd5 4. Nf3 Bg4 5. Be2 Bxf3 6. Bxf3 Qxd4 7. O-O O-O-O
8. Be3 Qxb2 9. Nd2 e5 10. Bxc6 bxc6 11. Qb1 Qb5 12. Ne4 h6 13. Bxa7 Qb7 14. Be3
g5 15. Qxb7+ Kxb7 16. Rfb1+ Kc8 17. a4 Bd6 18. a5 Ne7 19. a6 Kd7 20. f3 Nd5 21.
Bf2 Ra8 22. a7 f5 23. Nc5+ Bxc5 24. Bxc5 Ke6 25. Rb7 Rhc8 26. Rab1 Nf6 27. Rb8
Nd7 28. Rxc8 Rxc8 29. Be3 f4 30. Bf2 Ra8 31. Ra1 Kd5 32. g3 c5 33. Kf1 Nb6 34.
Ke1 Nc8 35. Ra5 Rxa7 36. Rxc5+ Kd6 37. c4 Ra1+ 38. Ke2 Ra2+ 39. Kf1 Rxf2+ 40.
Kxf2 Kxc5 41. Kg2 Kxc4 0-1

[Event "Both Games Please"]
[Site "http://www.queenalice.com/game.php?id=798190"]
[Date "2010.7.4"]
[Round "-"]
[White "Noyender"]
[Black "uschmidi"]
[Result "0-1"]
[WhiteElo "1804"]
[BlackElo "1919"]

1. e4 e6 2. Nf3 d5 3. exd5 exd5 4. d4 Nf6 5. Bd3 Bg4 6. Nc3 Be7 7. Bf4 O-O 8.
Qd2 c5 9. Be5 Re8 10. O-O-O c4 11. Be2 Ne4 12. Nxe4 dxe4 13. Ng5 Bxg5 14. Bf4
Bxf4 15. Qxf4 Bxe2 16. Rde1 Bh5 17. Rxe4 Bg6 18. Re3 Nc6 19. c3 Qa5 20. a3 Qa4
21. b3 Qxa3+ 22. Kd2 Qb2+ 0-1

[Event "Both Games Please"]
[Site "http://www.queenalice.com/game.php?id=798191"]
[Date "2010.7.4"]
[Round "-"]
[White "uschmidi"]
[Black "Noyender"]
[Result "1-0"]
[WhiteElo "1962"]
[BlackElo "1815"]

1. e4 e5 2. Nf3 Nc6 3. Bc4 Bc5 4. d3 h6 5. O-O Nf6 6. Nc3 O-O 7. a3 d6 8. b4 Bb6
9. Bb2 Bg4 10. h3 Bh5 11. g4 Bg6 12. Nh4 Bh7 13. Nf5 Bxf5 14. exf5 d5 15. Ba2
Qd6 16. Nb5 Qd7 17. c4 dxc4 18. dxc4 a6 19. Nc3 Nd4 20. c5 Ba7 21. Qd3 Qc6 22.
f3 Rad8 23. Ne2 Ne6 24. Qc2 Ng5 25. Kg2 Nd5 26. Bxd5 Qxd5 27. h4 Nh7 28. Rad1
Qa2 29. Qc3 f6 30. f4 e4 31. g5 hxg5 32. fxg5 Rd3 33. Rxd3 exd3 34. Nf4 Rd8 35.
Rd1 Qf7 36. g6 Qe7 37. gxh7+ Kxh7 38. Qc4 d2 39. Ne6 Rd7 40. Bc3 c6 41. Rxd2
Rxd2+ 42. Bxd2 Bb8 43. Qg4 Qf7 44. Bf4 Bxf4 45. Qxf4 g6 46. Qc7 Qxc7 47. fxg6+
Kxg6 48. Nxc7 Kh5 49. Kg3 f5 50. Ne6 Kg6 51. Nd4 Kf6 52. Kf4 Kg6 53. Nxf5 Kh5
54. Kg3 Kg6 55. Kg4 Kf6 56. h5 1-0

[Event "Challenge"]
[Site "http://www.queenalice.com/game.php?id=801147"]
[Date "2010.7.10"]
[Round "-"]
[White "Eden_Pelleg"]
[Black "Noyender"]
[Result "1-0"]
[WhiteElo "1398"]
[BlackElo "1793"]

1. d4 g6 2. e4 d6 3. c4 Bg7 4. f4 e5 5. d5 c6 6. Nc3 Nf6 7. fxe5 dxe5 8. Nf3 O-O
9. b3 Bg4 10. Be2 Bxf3 11. Bxf3 Nbd7 12. O-O Qe7 13. a4 Qb4 14. Qc2 Nc5 15. Ba3
Qxb3 16. Qxb3 Nxb3 17. Rab1 Nd2 18. Bxf8 Nxf1 19. Bxg7 Nd2 20. Bxf6 Nxb1 21.
Nxb1 cxd5 22. cxd5 Re8 23. d6 1-0

[Event "AUTO-ADV-1672"]
[Site "http://www.queenalice.com/game.php?id=819568"]
[Date "2010.8.17"]
[Round "2"]
[White "luiz_gustavo"]
[Black "Noyender"]
[Result "0-1"]
[WhiteElo "1825"]
[BlackElo "1785"]

1. e4 e5 2. Nf3 Nc6 3. Bb5 Bc5 4. O-O Nf6 5. Nc3 O-O 6. d3 h6 7. h3 d6 8. Re1
Nd4 9. Nxd4 Bxd4 10. Ne2 c6 11. Ba4 Qb6 12. Nxd4 exd4 13. c3 Be6 14. Bb3 d5 15.
e5 Nd7 16. Bf4 Rae8 17. Rb1 Bf5 18. cxd4 Qxd4 19. Be3 Qxe5 20. Bc2 Qf6 21. g4
Bg6 0-1

[Event "AUTO-ADV-1672"]
[Site "http://www.queenalice.com/game.php?id=819569"]
[Date "2010.8.17"]
[Round "2"]
[White "Noyender"]
[Black "luiz_gustavo"]
[Result "1-0"]
[WhiteElo "1803"]
[BlackElo "1807"]

1. e4 e5 2. f4 Nc6 3. fxe5 Nxe5 4. d4 Ng6 5. Nc3 Bb4 6. Bd2 N8e7 7. Bc4 O-O 8.
Nf3 h6 9. O-O c6 10. e5 d5 11. Bb3 Bg4 12. Ne2 Bxd2 13. Qxd2 Bxf3 14. Rxf3 Nh4
15. Rf2 b6 16. c4 c5 17. Raf1 Nhg6 18. Qe3 Nh8 19. Nc3 Rc8 20. e6 dxc4 21. Bxc4
f6 22. d5 Qd6 23. Qe4 1-0

[Event "AUTO-ADV-1672"]
[Site "http://www.queenalice.com/game.php?id=819572"]
[Date "2010.8.17"]
[Round "2"]
[White "josa23"]
[Black "Noyender"]
[Result "1-0"]
[WhiteElo "1850"]
[BlackElo "1783"]

1. e4 e5 2. Nf3 Bc5 3. Nc3 Nc6 4. Bc4 d6 5. d3 Bg4 6. h3 Bxf3 7. Qxf3 Nf6 8. Bg5
Nd4 9. Qd1 Qd7 10. Bxf6 gxf6 11. Nd5 O-O-O 12. Nxf6 Qe7 13. Nd5 Qg5 14. Rg1 Rdf8
15. c3 Ne6 16. Qe2 Nf4 17. Nxf4 Qxf4 18. f3 Bxg1 19. Kd1 Rhg8 20. Kc2 Bb6 21.
Re1 Rg5 22. b4 Rfg8 23. g4 h5 24. a4 a5 25. bxa5 Bxa5 26. Rb1 hxg4 27. hxg4 Rh8
28. Kb3 Rh2 29. Qf1 Qe3 30. Bxf7 Qxd3 31. Qxd3 Kd7 32. Qb5+ 1-0

[Event "AUTO-ADV-1672"]
[Site "http://www.queenalice.com/game.php?id=819573"]
[Date "2010.8.17"]
[Round "2"]
[White "Noyender"]
[Black "josa23"]
[Result "1-0"]
[WhiteElo "1819"]
[BlackElo "1800"]

1. e4 c5 2. Nf3 Nc6 3. g3 d6 4. Bg2 g6 5. d4 cxd4 6. Nxd4 Bg7 7. Ne2 Nf6 8. O-O
O-O 9. Nbc3 a6 10. Re1 b5 11. e5 dxe5 12. Bxc6 Rb8 13. Bg5 Bb7 14. Bxb7 Rxb7 15.
Qxd8 Rxd8 16. Rad1 Rbd7 17. Rxd7 Rxd7 18. Rd1 Rc7 19. Nd5 Nxd5 20. Rxd5 f6 21.
Bc1 Rxc2 22. Rd2 Rc4 23. Nc3 b4 24. Ne2 Bh6 25. Rd8+ Kf7 26. Bxh6 Rc2 27. Rd2
Rc4 28. b3 Re4 29. f3 Rxe2 30. Rxe2 Ke6 31. Rd2 g5 32. h4 gxh4 33. gxh4 a5 34.
Be3 h5 35. Bb6 f5 36. Bxa5 Kf6 37. Bxb4 f4 38. Rc2 e6 39. a4 Kf5 40. a5 Kf6 41.
Rc7 Kf5 42. Be7 e4 43. Kf2 e3+ 44. Ke2 Ke5 45. a6 Kf5 46. Rc5+ e5 47. a7 Ke6 48.
a8=Q 1-0

[Event "AUTO-ADV-1672"]
[Site "http://www.queenalice.com/game.php?id=819576"]
[Date "2010.8.17"]
[Round "2"]
[White "Noyender"]
[Black "pancas"]
[Result "0-1"]
[WhiteElo "1803"]
[BlackElo "1701"]

1. e4 e5 2. Nf3 Nc6 3. Bb5 a6 4. Ba4 b5 5. Bb3 d6 6. d4 Bg4 7. d5 Nd4 8. c3
Nxf3+ 9. gxf3 Bh3 10. Rg1 g6 11. Bg5 Be7 12. Bxe7 Qxe7 13. Nd2 Nf6 14. f4 exf4
15. Qf3 Bc8 16. Qxf4 O-O 17. O-O-O Nh5 18. Qe3 Qh4 19. Nf3 Qf4 20. Qxf4 Nxf4 21.
Ng5 Ne2+ 22. Kb1 Nxg1 23. Rxg1 f5 24. f3 h6 25. Ne6 Bxe6 26. Rxg6+ Kf7 27. Rxe6
Kg7 28. e5 dxe5 29. Rxe5 Rae8 30. Rxe8 Rxe8 31. Kc1 Re2 32. h3 Rh2 33. Bc2 Kf6
34. b3 Rxh3 35. Bd1 Rg3 36. Kb2 h5 0-1

[Event "AUTO-ADV-1672"]
[Site "http://www.queenalice.com/game.php?id=819577"]
[Date "2010.8.17"]
[Round "2"]
[White "pancas"]
[Black "Noyender"]
[Result "0-1"]
[WhiteElo "1712"]
[BlackElo "1790"]

1. e4 e5 2. Nf3 d6 3. d4 Bg4 4. Be2 Bxf3 5. Bxf3 exd4 6. Qxd4 Nc6 7. Qa4 Ne7 8.
O-O g6 9. Bf4 Bg7 10. c3 O-O 11. Nd2 Re8 12. Bg5 Ne5 13. Bd1 c6 14. f4 Qb6+ 15.
Qd4 Nf3+ 16. Nxf3 Bxd4+ 17. Nxd4 Qxb2 18. Bb3 Qxc3 19. Ne2 Qe3+ 20. Rf2 Qxe4 21.
Rc1 d5 22. Nc3 Qe3 23. h4 Qxc1+ 24. Nd1 Nf5 25. g4 Nd4 26. f5 Qb1 27. fxg6 hxg6
28. Kg2 Nxb3 29. axb3 Qxd1 0-1

[Event "QA-ANNIV-06"]
[Site "http://www.queenalice.com/game.php?id=836886"]
[Date "2010.9.23"]
[Round "2"]
[White "Noyender"]
[Black "lobo"]
[Result "0-1"]
[WhiteElo "1805"]
[BlackElo "1822"]

1. e4 a6 2. d4 e6 3. Nf3 b5 4. c4 b4 5. a3 bxa3 6. Nxa3 Bb7 7. Bd3 Nc6 8. Nc2
Nge7 9. Bf4 h6 10. O-O g5 11. Bg3 g4 12. Ne5 h5 13. f3 d6 14. Nxc6 Bxc6 15. Nb4
Bb7 16. fxg4 hxg4 17. Qxg4 Rg8 18. Qh5 Qd7 19. Qxf7+ Kd8 20. Bh4 Rh8 21. Qxf8+
Rxf8 0-1

[Event "citryien"]
[Site "http://www.queenalice.com/game.php?id=855168"]
[Date "2010.11.5"]
[Round "4"]
[White "ilardi"]
[Black "Noyender"]
[Result "0-1"]
[WhiteElo "1751"]
[BlackElo "1770"]

1. d4 g6 2. e4 d6 3. Nc3 Bg7 4. Bg5 Nc6 5. Nf3 Bg4 6. Bb5 Nf6 7. d5 a6 8. Bxc6+
bxc6 9. dxc6 Rb8 10. Na4 Nxe4 11. Be3 Bxb2 12. Nxb2 Rxb2 13. Bd4 Rb5 14. Bxh8 f6
15. O-O Bxf3 16. Qd3 Bxg2 17. Kxg2 Ng5 18. Qc4 d5 19. Qc3 Kf7 20. Bxf6 exf6 21.
f4 Ne4 22. a4 Nxc3 0-1

[Event "citryien"]
[Site "http://www.queenalice.com/game.php?id=890431"]
[Date "2011.1.24"]
[Round "5"]
[White "Noyender"]
[Black "sasquatico"]
[Result "1-0"]
[WhiteElo "1834"]
[BlackElo "1731"]

1. e4 c5 2. Nf3 d6 3. Bc4 e6 4. d3 Nf6 5. Bg5 Be7 6. Nc3 O-O 7. Qd2 Nbd7 8.
O-O-O a6 9. h4 b5 10. Bb3 b4 11. Ne2 Ng4 12. Bxe7 Qxe7 13. Nf4 a5 14. Ng5 Nde5
15. f3 Nf6 16. Kb1 h6 17. Ngh3 Nc6 18. Ne2 e5 19. f4 Bg4 20. fxe5 Qxe5 21. Rdf1
Bxe2 22. Qxe2 Nd4 23. Qd2 Nxb3 24. cxb3 a4 25. bxa4 Rxa4 26. Nf4 Rfa8 27. b3
Rxa2 28. Qxa2 Rxa2 29. Kxa2 Qc3 30. Rf2 Ng4 31. Rb2 Ne5 32. Rd1 Ng4 33. Nd5 Qe5
34. Kb1 Kf8 35. Ra2 g6 36. Rf1 f6 37. Nf4 Kf7 38. Ra7+ Ke8 39. Nd5 Qh5 40. Rxf6
Nxf6 41. Nxf6+ 1-0